[Event "119th NZL-ch op"]
[Site "Queenstown NZL"]
[Date "2012.01.19"]
[Round "5"]
[White "Bojkov, Dejan"]
[Black "Li Chao"]
[Result "1/2-1/2"]
[WhiteElo "2553"]
[BlackElo "2693"]
[EventDate "2012.01.15"]
[PlyCount "84"]

1.e4 c5 2.Nf3 e6 3.d3 d5 4.Nbd2 Nf6 5.g3 g6 6.Bg2 Bg7 7.O-O O-O 8.Re1 Nc6 
9.c3 a5 10.a4 b6 11.exd5 exd5 12.Nb1 Bf5 13.Na3 Qd7 14.Nb5 Nh5 15.d4 Rae8 
16.dxc5 bxc5 17.Be3 d4 18.cxd4 cxd4 19.Nfxd4 Nxd4 20.Nxd4 Bg4 21.Bc6 Qc8 
22.Bf3 Nf6 23.Rc1 Bxf3 24.Rxc8 Bxd1 25.Rxe8 Rxe8 26.Rxd1 Nd5 27.Nc6 Nxe3 
28.fxe3 Bxb2 29.Nxa5 Re4 30.Kf2 Rxa4 31.Nb3 Bc3 32.Nc1 Kg7 33.Ne2 Ba5 34.
Rd3 h5 35.h4 Ra2 36.Kf3 Be1 37.Rb3 Rc2 38.Rb1 Ba5 39.Rb5 Bc7 40.Rb3 Ra2 
41.Rb7 Bd6 42.Nc3 Rc2 1/2-1/2

[Event "119th NZL-ch op"]
[Site "Queenstown NZL"]
[Date "2012.01.19"]
[Round "5"]
[White "Booth, Anthony"]
[Black "Capper, David"]
[Result "1-0"]
[WhiteElo "1834"]
[BlackElo "1802"]
[EventDate "2012.01.15"]
[PlyCount "83"]

1.d4 Nf6 2.c4 g6 3.Nc3 Bg7 4.e4 d6 5.Bd3 Nbd7 6.Nf3 O-O 7.O-O c5 8.d5 Ne8 
9.Qc2 a6 10.Re1 Rb8 11.Bf4 f6 12.Qd2 Ne5 13.Nxe5 fxe5 14.Bg3 Nf6 15.f3 Nh5
16.Bh4 Rf7 17.Rf1 Qf8 18.Bg5 Nf4 19.Bxf4 exf4 20.Ne2 Be5 21.Rab1 Qg7 22.
Kh1 g5 23.b4 g4 24.bxc5 dxc5 25.Qa5 Qf8 26.Qxc5 gxf3 27.gxf3 Kh8 28.Rg1 
Bd6 29.Qd4+ Rg7 30.e5 Bc7 31.Nxf4 b5 32.c5 Bb7 33.Qe4 Bc8 34.Rg3 Rf7 35.
Ne6 Bxe6 36.dxe6 Rg7 37.Rbg1 Rg6 38.Rxg6 hxg6 39.Rxg6 Qg8 40.Qh4+ Qh7 41.
Rh6 Qxh6 42.Qxh6+ 1-0

[Event "119th NZL-ch op"]
[Site "Queenstown NZL"]
[Date "2012.01.19"]
[Round "5"]
[White "Brown, Andrew"]
[Black "Van Riemsdijk, Herman Claudius"]
[Result "0-1"]
[WhiteElo "2215"]
[BlackElo "2401"]
[EventDate "2012.01.15"]
[PlyCount "78"]

1.d4 c5 2.d5 Nf6 3.c4 b5 4.cxb5 a6 5.e3 g6 6.Nc3 Bg7 7.e4 d6 8.a4 O-O 9.h3
axb5 10.Bxb5 Ba6 11.Bd2 Bxb5 12.axb5 Nbd7 13.Nf3 Nb6 14.O-O Qd7 15.Ra6 
Rxa6 16.bxa6 Ra8 17.Qe2 Ne8 18.Ra1 Nc7 19.Ra5 Qc8 20.a7 Bxc3 21.bxc3 Qb7 
22.c4 f6 23.e5 dxe5 24.Be3 Rxa7 25.Rxa7 Qxa7 26.Bxc5 Qa6 27.Qb2 Nd7 28.
Bxe7 Kf7 29.Bd8 Qc8 30.Bxc7 Qxc7 31.Qb5 Nc5 32.Nd2 e4 33.Nb3 Nd3 34.Nd4 
Qa7 35.Ne6 e3 36.Nd8+ Kg7 37.Qe8 exf2+ 38.Kh2 Nf4 39.Nc6 f1=Q 0-1

[Event "119th NZL-ch op"]
[Site "Queenstown NZL"]
[Date "2012.01.19"]
[Round "5"]
[White "Chen, Pengyu"]
[Black "Morris, James"]
[Result "0-1"]
[WhiteElo "2056"]
[BlackElo "2354"]
[EventDate "2012.01.15"]
[PlyCount "66"]

1.c4 Nf6 2.Nc3 g6 3.g3 Bg7 4.Bg2 O-O 5.d4 c5 6.Nf3 cxd4 7.Nxd4 Nc6 8.O-O 
d6 9.Nxc6 bxc6 10.Bxc6 Rb8 11.Bg2 Qa5 12.Qd3 Be6 13.b3 Rxb3 14.axb3 Qxa1 
15.Nb5 Qa2 16.Nd4 Bd7 17.Bd2 Qa6 18.Bc3 Qb6 19.Rb1 Rc8 20.Nc2 Bf5 21.e4 
Nxe4 22.Bxe4 Bxe4 23.Qxe4 Bxc3 24.Qxe7 Rxc4 25.Ne3 Rc5 26.Rd1 Be5 27.Rd3 
Rc1+ 28.Kg2 Qc6+ 29.Kh3 Qc8+ 30.Kg2 Qc6+ 31.Kh3 Qf3 32.Rd2 Rc5 33.Ng2 Qf5+
0-1

[Event "119th NZL-ch op"]
[Site "Queenstown NZL"]
[Date "2012.01.19"]
[Round "5"]
[White "Dale, Ari"]
[Black "Li Xiang Wei, William"]
[Result "0-1"]
[WhiteElo "1994"]
[BlackElo "1672"]
[EventDate "2012.01.15"]
[PlyCount "114"]

1.d4 d5 2.c4 c6 3.Nf3 Nf6 4.Nc3 e6 5.e3 Nbd7 6.Qc2 Bd6 7.g4 Bb4 8.Bd2 Qe7 
9.g5 Bxc3 10.Bxc3 Ne4 11.Rg1 Nxc3 12.Qxc3 O-O 13.O-O-O dxc4 14.Bxc4 b5 15.
Bd3 Bb7 16.Qc2 g6 17.Ne5 Nxe5 18.dxe5 a6 19.Rg3 c5 20.Be4 Rfd8 21.Rh1 c4 
22.Bxb7 Qxb7 23.Rd1 Qe7 24.Rg4 Rxd1+ 25.Kxd1 Rd8+ 26.Ke2 Qc5 27.Re4 Rd5 
28.Qc3 Rd3 29.Qc2 Qd5 30.f3 Qd8 31.h4 Qa5 32.a3 Qd8 33.Qc1 Qd5 34.Qc2 Rb3 
35.Ke1 Qd3 36.Qxd3 Rxd3 37.a4 Rb3 38.axb5 axb5 39.Kd2 Rxb2+ 40.Kc3 Rb3+ 
41.Kd2 Rd3+ 42.Kc2 Kf8 43.Kb2 Ke7 44.Kc2 Kd7 45.Rf4 Kc6 46.Rxf7 b4 47.Re7 
b3+ 48.Kc1 Kd5 49.Rxh7 Rxe3 50.h5 c3 51.Rd7+ Kxe5 52.Rd1 Re2 53.Rg1 Ra2 
54.Re1+ Kf5 55.Kd1 Ra1+ 56.Ke2 Rxe1+ 57.Kxe1 gxh5 0-1

[Event "119th NZL-ch op"]
[Site "Queenstown NZL"]
[Date "2012.01.19"]
[Round "5"]
[White "Davies, Geoff"]
[Black "Steadman, Michael"]
[Result "0-1"]
[WhiteElo "1943"]
[BlackElo "2258"]
[EventDate "2012.01.15"]
[PlyCount "78"]

1.e4 e6 2.d4 d5 3.Nc3 Nf6 4.e5 Nfd7 5.Nf3 c5 6.dxc5 Bxc5 7.Bd3 Nc6 8.Bf4 
h6 9.Bg3 a6 10.a3 b5 11.O-O O-O 12.Re1 Qb6 13.Bf1 Bb7 14.Ne2 a5 15.Nf4 b4 
16.axb4 axb4 17.Nd3 Be7 18.b3 Ba6 19.Qd2 Rfc8 20.Rac1 Na7 21.Bf4 Nc6 22.
Nb2 Bxf1 23.Kxf1 Nc5 24.Be3 Qb5+ 25.Qe2 Qxe2+ 26.Rxe2 Ra2 27.Bxc5 Bxc5 28.
Na4 Ba7 29.c4 Rxe2 30.Kxe2 Na5 31.Nd2 g5 32.Nb2 Bd4 33.Nd3 Bc3 34.Rb1 dxc4
35.bxc4 Nxc4 36.Ne4 Nxe5 37.Nxc3 Nxd3 38.Kxd3 Rxc3+ 39.Kd2 Rc4 0-1

[Event "119th NZL-ch op"]
[Site "Queenstown NZL"]
[Date "2012.01.19"]
[Round "5"]
[White "Davis, Justin"]
[Black "Holdaway, Stewart"]
[Result "1-0"]
[WhiteElo "1985"]
[BlackElo "1746"]
[EventDate "2012.01.15"]
[PlyCount "41"]

1.Nf3 d5 2.g3 c5 3.c4 Nf6 4.cxd5 Nxd5 5.Nc3 Nxc3 6.bxc3 Bd7 7.Qb3 Qc7 8.
Bg2 Bc6 9.d4 e6 10.O-O cxd4 11.cxd4 Bd6 12.Bb2 Qe7 13.d5 Bxd5 14.Qc3 f6 
15.e4 Bc6 16.e5 Bb4 17.Qb3 f5 18.Nd4 Bxg2 19.Kxg2 Kf7 20.Nxf5 Qg5 21.Qxb4 
1-0

[Event "119th NZL-ch op"]
[Site "Queenstown NZL"]
[Date "2012.01.19"]
[Round "5"]
[White "Dragicevic, Domagoj"]
[Black "Shen, Daniel"]
[Result "1-0"]
[WhiteElo "2277"]
[BlackElo "2182"]
[EventDate "2012.01.15"]
[PlyCount "75"]

1.e4 e5 2.Nf3 Nc6 3.Bb5 a6 4.Ba4 Nf6 5.O-O Be7 6.Re1 b5 7.Bb3 d6 8.c3 O-O 
9.h3 Bb7 10.d3 Re8 11.Nbd2 Bf8 12.Nf1 h6 13.Ng3 Na5 14.Bc2 d5 15.exd5 Qxd5
16.b4 Nc6 17.Nh4 Rad8 18.Qe2 a5 19.a3 Nb8 20.Bb1 c5 21.Ne4 Nxe4 22.dxe4 
Qd7 23.bxc5 Bxc5 24.Nf5 Bf8 25.Ba2 Kh7 26.Bb3 a4 27.Bc2 Na6 28.Be3 Nc5 29.
Red1 Qc6 30.Rd5 g6 31.Rad1 gxf5 32.Rxd8 Rxd8 33.Rxd8 Be7 34.Qh5 Kg7 35.
Bxh6+ Qxh6 36.Rg8+ Kxg8 37.Qxh6 Nxe4 38.Qb6 1-0

[Event "119th NZL-ch op"]
[Site "Queenstown NZL"]
[Date "2012.01.19"]
[Round "5"]
[White "Drummond, Matthew"]
[Black "Hansen, Sune Berg"]
[Result "0-1"]
[WhiteElo "2227"]
[BlackElo "2572"]
[EventDate "2012.01.15"]
[PlyCount "54"]

1.c4 g6 2.d4 Bg7 3.e4 d6 4.Nc3 Nf6 5.f3 O-O 6.Bg5 a6 7.Qd2 Nc6 8.d5 Ne5 9.
f4 Ned7 10.Nh3 c6 11.Nf2 cxd5 12.cxd5 b5 13.a3 Nc5 14.Rb1 Ng4 15.Nxg4 Bxg4
16.Qe3 Rc8 17.f5 Bxc3+ 18.bxc3 Nxe4 19.Qxe4 Bxf5 20.Qb4 Bxb1 21.Qxb1 Rxc3 
22.Qb2 Qc7 23.Bd2 Rc2 24.Qb3 Rc8 25.Be2 Qc5 26.Bf3 Qd4 27.Qb4 Rc1+ 0-1

[Event "119th NZL-ch op"]
[Site "Queenstown NZL"]
[Date "2012.01.19"]
[Round "5"]
[White "Duneas, John"]
[Black "Dive, Russell John"]
[Result "1/2-1/2"]
[WhiteElo "2087"]
[BlackElo "2345"]
[EventDate "2012.01.15"]
[PlyCount "131"]

1.e4 Nf6 2.e5 Nd5 3.d4 d6 4.c4 Nb6 5.exd6 exd6 6.Nf3 Be7 7.Nc3 a5 8.b3 Nc6
9.d5 Bf6 10.Qd2 Nb4 11.Be2 a4 12.Ba3 Na6 13.b4 O-O 14.Rc1 Bg4 15.Ne4 Bxf3 
16.Nxf6+ Qxf6 17.Bxf3 Rfe8+ 18.Be2 Re4 19.O-O Rae8 20.Bd3 R4e7 21.c5 Nxd5 
22.Bxa6 Nf4 23.Bxb7 Ne2+ 24.Kh1 Nxc1 25.Bb2 Qg6 26.Qxc1 dxc5 27.bxc5 Re2 
28.Qc3 Rb8 29.c6 Rd8 30.Ba6 Rc2 31.Qe5 Rxc6 32.Bb5 Rc2 33.Bxa4 Rxf2 34.Rg1
h5 35.Bd4 Rxa2 36.Bb3 Rd2 37.Bc3 Rf2 38.Qxc7 Re8 39.Bd4 Rfe2 40.Qc4 h4 41.
h3 Qf5 42.Qc3 Rd8 43.Bd1 Ra2 44.Bg4 Qg6 45.Bf3 Ra4 46.Bf2 Rf4 47.Qe3 Qf6 
48.Re1 Rb8 49.Rc1 Rd8 50.Be1 Qd4 51.Qxd4 Rfxd4 52.Bf2 Rb4 53.Kg1 g5 54.Be3
Rb5 55.Kf2 Rd6 56.Be2 Rf5+ 57.Ke1 Re5 58.Bf2 Kh7 59.Rc5 Rxc5 60.Bxc5 Rd5 
61.Be3 Kg6 62.Bf3 Ra5 63.Be4+ f5 64.Bd3 Ra4 65.Ke2 Kf6 66.Bd2 1/2-1/2

[Event "119th NZL-ch op"]
[Site "Queenstown NZL"]
[Date "2012.01.19"]
[Round "5"]
[White "Fairbairn, Stephen"]
[Black "Tsagarakis, Angelo"]
[Result "1-0"]
[WhiteElo "2052"]
[BlackElo "1883"]
[EventDate "2012.01.15"]
[PlyCount "109"]

1.c4 Nf6 2.g3 g6 3.Bg2 Bg7 4.Nf3 O-O 5.O-O c6 6.Nc3 d6 7.d4 Nbd7 8.e4 a6 
9.h3 Qc7 10.Qc2 e5 11.Be3 Nh5 12.Rad1 Re8 13.d5 c5 14.Kh2 Rf8 15.Nh4 Qd8 
16.Bf3 Nhf6 17.Bg5 Rb8 18.Qc1 Re8 19.Bg2 b5 20.cxb5 axb5 21.Bh6 Bh8 22.f4 
Ba6 23.Rf2 exf4 24.Qxf4 Qe7 25.Nf5 Qe5 26.Nxd6 b4 27.Nxe8 Rxe8 28.Qxe5 
Nxe5 29.Na4 Neg4+ 30.Kg1 Nxh6 31.Nxc5 Bb5 32.d6 Rd8 33.Rfd2 Nd7 34.Nxd7 
Rxd7 35.Rc2 Be5 36.Rd5 Bxg3 37.Rxb5 Rxd6 38.Kf1 Rf6+ 39.Ke2 Re6 40.Rxb4 
Kg7 41.Kd3 Kf6 42.a4 Ke5 43.Rb5+ Kf4 44.a5 f5 45.exf5 Nxf5 46.Rc4+ Kg5 47.
Be4 Kf6 48.Bxf5 gxf5 49.Rb6 Bd6 50.Rcc6 Ke5 51.Rxd6 Rxd6+ 52.Rxd6 Kxd6 53.
Kd4 f4 54.b4 Ke6 55.Ke4 1-0

[Event "119th NZL-ch op"]
[Site "Queenstown NZL"]
[Date "2012.01.19"]
[Round "5"]
[White "Forster, William"]
[Black "Jones, Brian"]
[Result "1-0"]
[WhiteElo "1910"]
[BlackElo "2092"]
[EventDate "2012.01.15"]
[PlyCount "109"]

1.Nf3 Nf6 2.c4 g6 3.g3 Bg7 4.Bg2 O-O 5.O-O d6 6.Nc3 Nc6 7.d3 e5 8.Rb1 a5 
9.a3 h6 10.b4 axb4 11.axb4 Be6 12.Qc2 Qd7 13.Rd1 Rae8 14.b5 Nd8 15.c5 Bh3 
16.Bh1 dxc5 17.b6 cxb6 18.Rxb6 Re6 19.Rxe6 Qxe6 20.Ba3 b6 21.Rb1 Re8 22.
Nd2 Nd7 23.Nc4 Nc6 24.Bd5 Nd4 25.Bxe6 Nxc2 26.Bxh3 f5 27.e4 Rf8 28.Rc1 Nd4
29.Rb1 Nc2 30.Kf1 Ra8 31.Bc1 Nb4 32.Ke2 Rf8 33.Ba3 Nc2 34.Kd2 Nxa3 35.Nxa3
Bf6 36.Nc4 Bd8 37.Ke2 Rf6 38.Nd5 Rf7 39.Rb5 fxe4 40.dxe4 Kh7 41.Bxd7 Rxd7 
42.Rxb6 Ra7 43.Rb5 h5 44.h4 Kh6 45.Rb8 Ba5 46.Nxe5 Bc7 47.Nxc7 Rxc7 48.Rg8
Ra7 49.Rxg6+ Kh7 50.Rc6 Ra2+ 51.Kf3 Rc2 52.Ke3 Kg7 53.Nd3 c4 54.Ne5 c3 55.
Nd3 1-0

[Event "119th NZL-ch op"]
[Site "Queenstown NZL"]
[Date "2012.01.19"]
[Round "5"]
[White "Goodhue, Nathan"]
[Black "Smith, Robert"]
[Result "0-1"]
[WhiteElo "1945"]
[BlackElo "2273"]
[EventDate "2012.01.15"]
[PlyCount "100"]

1.f4 g6 2.Nf3 c5 3.c4 Bg7 4.e4 Nc6 5.Be2 d6 6.Nc3 Bg4 7.h3 Bxf3 8.Bxf3 e6 
9.O-O Nge7 10.d3 O-O 11.Be3 Qd7 12.Qd2 Nd4 13.g4 f5 14.exf5 Nxf3+ 15.Rxf3 
exf5 16.g5 Qc6 17.Qf2 b6 18.Rd1 d5 19.d4 Rad8 20.Nxd5 Nxd5 21.cxd5 Rxd5 
22.Rc1 Bxd4 23.Bxd4 Rxd4 24.Qxd4 Qxf3 25.Qe5 Qg3+ 26.Kf1 Qd3+ 27.Kf2 Qe4 
28.Qxe4 fxe4 29.Ke3 Rd8 30.Kxe4 Rd2 31.Ke5 Kf7 32.Rc3 Rxb2 33.a3 Rd2 34.
Re3 c4 35.f5 gxf5 36.Kxf5 Rd3 37.Re4 Rd5+ 38.Kg4 c3 39.Re1 b5 40.Kf4 a5 
41.Rc1 b4 42.axb4 axb4 43.Ke4 Rxg5 44.Kd4 Rg2 45.Kc4 Rb2 46.Kd3 Ke6 47.h4 
Kd5 48.h5 Rd2+ 49.Ke3 Kc4 50.Rg1 Rd5 0-1

[Event "119th NZL-ch op"]
[Site "Queenstown NZL"]
[Date "2012.01.19"]
[Round "5"]
[White "Gu Xiaobing"]
[Black "Tang, Jason"]
[Result "1-0"]
[WhiteElo "2244"]
[BlackElo "2030"]
[EventDate "2012.01.15"]
[PlyCount "67"]

1.e4 e6 2.d4 d5 3.Nd2 Nf6 4.e5 Nfd7 5.Bd3 c5 6.c3 Nc6 7.Ne2 cxd4 8.cxd4 f6
9.exf6 Nxf6 10.O-O Bd6 11.Nf3 Qc7 12.Bg5 O-O 13.Ng3 h6 14.Bd2 Qb6 15.Bc3 
Bd7 16.Re1 Rac8 17.a3 Rc7 18.Rc1 Bc8 19.Bb1 g5 20.Ne5 Rg7 21.Ng6 Rff7 22.
Nh5 Nxh5 23.Qxh5 Bf4 24.Rcd1 Qd8 25.Rd3 Rf6 26.Rf3 Bd7 27.Qxh6 Rh7 28.Ne7+
Qxe7 29.Bxh7+ Qxh7 30.Qxf6 Qxh2+ 31.Kf1 Ne5 32.Rh3 Bb5+ 33.Re2 Bxe2+ 34.
Kxe2 1-0

[Event "119th NZL-ch op"]
[Site "Queenstown NZL"]
[Date "2012.01.19"]
[Round "5"]
[White "Ikeda, Junta"]
[Black "Kruttika, Nadig"]
[Result "1-0"]
[WhiteElo "2349"]
[BlackElo "2234"]
[EventDate "2012.01.15"]
[PlyCount "241"]

1.Nf3 d5 2.c4 c6 3.b3 Nf6 4.Bb2 g6 5.g3 Bg7 6.Bg2 O-O 7.O-O Bg4 8.d3 Nbd7 
9.Nbd2 Re8 10.h3 Bxf3 11.Nxf3 e5 12.cxd5 cxd5 13.Ne1 e4 14.Nc2 Rc8 15.Bd4 
a6 16.Qd2 Ne5 17.Rac1 Qd7 18.Rfd1 Qe6 19.Ba1 h5 20.dxe4 dxe4 21.Nd4 Qe7 
22.Rxc8 Rxc8 23.Nc2 Nc6 24.Qg5 Re8 25.Ne3 Nh7 26.Qxe7 Rxe7 27.Nd5 Re8 28.
Nc3 f5 29.f3 exf3 30.Bxf3 Ng5 31.Bd5+ Kf8 32.h4 Nf7 33.e4 fxe4 34.Rf1 Re7 
35.Nxe4 Bxa1 36.Rxa1 Nfe5 37.Rd1 Nb4 38.Nc5 Nxd5 39.Rxd5 Nf7 40.Nd3 Kg7 
41.Nf4 Re1+ 42.Kf2 Ra1 43.Rd2 Rc1 44.Re2 Rc6 45.Re7 Rc2+ 46.Ke3 Rc3+ 47.
Kf2 Rc2+ 48.Ke1 Rxa2 49.Rxb7 Ra5 50.Rb6 Ne5 51.Ke2 Kf7 52.Ke3 Ng4+ 53.Kd4 
g5 54.hxg5 Rxg5 55.Rxa6 Nf2 56.Ra7+ Ke8 57.b4 Rxg3 58.Nxh5 Rg4+ 59.Kc3 
Ne4+ 60.Kb3 Kd8 61.Ng7 Nf6 62.Ne6+ Kc8 63.Rc7+ Kb8 64.Rc5 Nd7 65.Rc6 Ne5 
66.Rd6 Kb7 67.b5 Nc4 68.Nc5+ Ka7 69.Ra6+ Kb8 70.Kc3 Ne3 71.Rb6+ Ka8 72.Kb3
Nd5 73.Ra6+ Kb8 74.Rd6 Rb4+ 75.Ka3 Rxb5 76.Rxd5 Rb1 77.Rd7 Kc8 78.Rh7 Kd8 
79.Nb3 Re1 80.Kb4 Re7 81.Rh6 Rb7+ 82.Kc4 Kc7 83.Rh7+ Kc8 84.Rh8+ Kc7 85.
Nd4 Rb1 86.Kd5 Rd1 87.Rh2 Kb6 88.Rb2+ Kc7 89.Rb4 Rd3 90.Rb1 Kc8 91.Rb5 Rd1
92.Kc5 Kd7 93.Rb7+ Ke8 94.Nc6 Kf8 95.Nd4 Re1 96.Kd6 Rd1 97.Ke5 Kg8 98.Rd7 
Rf1 99.Nf5 Ra1 100.Kf6 Rf1 101.Rd4 Rf2 102.Rd1 Kh7 103.Rg1 Kh8 104.Rg5 Kh7
105.Kf7 Rh2 106.Rg1 Kh8 107.Kf8 Kh7 108.Rg3 Rh1 109.Rg2 Rh3 110.Rg7+ Kh8 
111.Rg6 Kh7 112.Rf6 Rh1 113.Kf7 Rh2 114.Ne7 Rg2 115.Ng6 Rh2 116.Nf8+ Kh8 
117.Ne6 Kh7 118.Ng5+ Kh8 119.Kf8 Rh1 120.Rg6 Rf1+ 121.Nf7+ 1-0

[Event "119th NZL-ch op"]
[Site "Queenstown NZL"]
[Date "2012.01.19"]
[Round "5"]
[White "Illingworth, Max"]
[Black "Repplinger, Marc"]
[Result "1/2-1/2"]
[WhiteElo "2388"]
[BlackElo "2241"]
[EventDate "2012.01.15"]
[PlyCount "95"]

1.Nf3 d6 2.e4 c5 3.d4 cxd4 4.Nxd4 Nf6 5.Nc3 g6 6.Be3 Bg7 7.f3 Nc6 8.Qd2 
O-O 9.Bc4 Nxd4 10.Bxd4 Be6 11.Bb3 Qa5 12.O-O-O Rfc8 13.Kb1 b5 14.Qf2 b4 
15.Nd5 Bxd5 16.exd5 Qb5 17.Qf1 Qb7 18.g4 a5 19.g5 a4 20.Bc4 Nd7 21.Bb5 b3 
22.c4 a3 23.Bxg7 bxa2+ 24.Ka1 Kxg7 25.b3 Rab8 26.f4 Nc5 27.Qf3 e6 28.h4 
exd5 29.Rxd5 Qe7 30.Qc3+ Kg8 31.Re1 Ne6 32.f5 gxf5 33.Rxf5 Rc5 34.Rxc5 
dxc5 35.Kxa2 Rd8 36.Kxa3 Rd4 37.h5 Qxg5 38.Bc6 Rd6 39.Bd5 Qg7 40.Qe5 Ra6+ 
41.Kb2 Nf4 42.Kb1 Qxe5 43.Rxe5 Kg7 44.Bf3 Rb6 45.Kc2 Ne6 46.Kc3 f5 47.Rxf5
Rxb3+ 48.Kxb3 1/2-1/2

[Event "119th NZL-ch op"]
[Site "Queenstown NZL"]
[Date "2012.01.19"]
[Round "5"]
[White "Koerber, Matthias"]
[Black "Hartvig, Ove Weiss"]
[Result "1/2-1/2"]
[WhiteElo "1916"]
[BlackElo "2210"]
[EventDate "2012.01.15"]
[PlyCount "55"]

1.d4 g6 2.g3 Bg7 3.Bg2 c5 4.c3 cxd4 5.cxd4 Nf6 6.Nf3 O-O 7.O-O d5 8.Qb3 
Nc6 9.e3 Na5 10.Qb4 Nc6 11.Qa3 Bf5 12.Nbd2 a5 13.Nh4 Bg4 14.Qb3 Qd7 15.a3 
a4 16.Qa2 Rfc8 17.b3 axb3 18.Nxb3 b6 19.Bd2 Be2 20.Rfc1 Bc4 21.Qb2 Ra4 22.
Be1 Qa7 23.Nf3 Nd7 24.Bb4 Ra8 25.Nfd2 Nxb4 26.axb4 Bxb3 27.Nxb3 e6 28.Qc3 
1/2-1/2

[Event "119th NZL-ch op"]
[Site "Queenstown NZL"]
[Date "2012.01.19"]
[Round "5"]
[White "Lester, George"]
[Black "Tsoi, Nicole"]
[Result "1/2-1/2"]
[WhiteElo "2008"]
[BlackElo "1715"]
[EventDate "2012.01.15"]
[PlyCount "59"]

1.d4 e6 2.c4 f5 3.g3 Nf6 4.Bg2 Be7 5.Nf3 O-O 6.O-O d6 7.b3 a5 8.Bb2 Ne4 9.
Nbd2 Nd7 10.Nxe4 fxe4 11.Nd2 d5 12.e3 Qe8 13.f3 exf3 14.Bxf3 c6 15.e4 Nb6 
16.Qe2 Bg5 17.Ba3 Rf7 18.exd5 cxd5 19.Bc5 Qd8 20.cxd5 Nxd5 21.Bxd5 exd5 
22.Rxf7 Kxf7 23.Rf1+ Bf6 24.Nf3 Kg8 25.Ne5 b6 26.Nc6 Qd7 27.Ne7+ Bxe7 28.
Qxe7 Qxe7 29.Bxe7 Bd7 30.Bd6 1/2-1/2

[Event "119th NZL-ch op"]
[Site "Queenstown NZL"]
[Date "2012.01.19"]
[Round "5"]
[White "Li Zuhao, Luke"]
[Black "Stuart, Peter"]
[Result "1-0"]
[WhiteElo "2165"]
[BlackElo "1991"]
[EventDate "2012.01.15"]
[PlyCount "39"]

1.d4 Nf6 2.c4 e6 3.Nc3 Bb4 4.a3 Bxc3+ 5.bxc3 d5 6.f3 c5 7.cxd5 Nxd5 8.dxc5
Qa5 9.e4 Ne7 10.Be3 O-O 11.Qb3 Qc7 12.Bb5 Nd7 13.Bxd7 Bxd7 14.Ne2 e5 15.c4
Nc6 16.Nc3 Nd4 17.Bxd4 exd4 18.Nd5 Qxc5 19.Qxb7 Be6 20.Qb4 1-0

[Event "119th NZL-ch op"]
[Site "Queenstown NZL"]
[Date "2012.01.19"]
[Round "5"]
[White "Liu, Yi"]
[Black "Selnes, Hamish"]
[Result "1-0"]
[WhiteElo "2072"]
[BlackElo "1904"]
[EventDate "2012.01.15"]
[PlyCount "73"]

1.d4 Nf6 2.c4 g6 3.Nc3 d5 4.cxd5 Nxd5 5.e4 Nxc3 6.bxc3 Bg7 7.Nf3 c5 8.Rb1 
O-O 9.Be2 Nc6 10.d5 Ne5 11.Qc2 Qa5 12.Nxe5 Bxe5 13.Bd2 e6 14.f4 Bg7 15.c4 
Qc7 16.O-O b6 17.Rbd1 Bb7 18.Bc3 Rad8 19.Bxg7 Kxg7 20.Qc3+ Kg8 21.Qf6 Rfe8
22.dxe6 Rxd1 23.Rxd1 fxe6 24.Bg4 Qc6 25.Rd8 Bc8 26.f5 Rxd8 27.Qxd8+ Kf7 
28.f6 Qd7 29.Qxd7+ Bxd7 30.e5 a6 31.Kf2 b5 32.cxb5 axb5 33.Ke3 Bc6 34.Bf3 
Bd5 35.a3 Bb3 36.Be2 Ba4 37.Kd2 1-0

[Event "119th NZL-ch op"]
[Site "Queenstown NZL"]
[Date "2012.01.19"]
[Round "5"]
[White "Louie, Ryan"]
[Black "Janisz, Andrew"]
[Result "1-0"]
[WhiteElo "1677"]
[BlackElo "1989"]
[EventDate "2012.01.15"]
[PlyCount "133"]

1.d4 Nf6 2.c4 g6 3.Nc3 Bg7 4.e4 d6 5.f3 O-O 6.Nge2 c5 7.Be3 cxd4 8.Nxd4 
Nc6 9.Qd2 Re8 10.Be2 Nxd4 11.Bxd4 Be6 12.O-O Qc8 13.Rfc1 a6 14.b3 Qd7 15.
Nd5 Bxd5 16.cxd5 Rec8 17.Bb6 h5 18.a4 Kh7 19.Be3 b5 20.axb5 axb5 21.Rxc8 
Rxc8 22.Qa5 Rb8 23.Rc1 Ne8 24.Rc6 b4 25.Bb5 Bc3 26.Ba4 Qb7 27.Ra6 Qc8 28.
Bc6 Qd8 29.Qxd8 Rxd8 30.Ra7 Bf6 31.Rb7 Ra8 32.Ba4 Rc8 33.Rxb4 Rc3 34.Kf2 
Rc2+ 35.Kg3 Bc3 36.Rb7 Be1+ 37.Kh3 Rc3 38.Bxe8 Rxe3 39.Rxe7 g5 40.Rxf7+ 
Kg8 41.g3 Rxb3 42.Rf5 g4+ 43.fxg4 hxg4+ 44.Kxg4 Rb2 45.h4 Kg7 46.Rf1 Bf2 
47.Bd7 Bd4 48.Kh5 Re2 49.Rf4 Be5 50.Rg4+ Kf8 51.Be6 Re3 52.Rg8+ Ke7 53.g4 
Rxe4 54.Kg6 Re2 55.h5 Rh2 56.Rg7+ Kf8 57.Rf7+ Ke8 58.h6 Rh1 59.Rf5 Bd4 60.
Kh7 Be3 61.g5 Ke7 62.Kg7 Rh5 63.h7 Bd4+ 64.Kg8 Rh2 65.Rf7+ Ke8 66.g6 Rg2 
67.g7 1-0

[Event "119th NZL-ch op"]
[Site "Queenstown NZL"]
[Date "2012.01.19"]
[Round "5"]
[White "Lovejoy, David"]
[Black "Johnson, Quentin"]
[Result "0-1"]
[WhiteElo "1939"]
[BlackElo "2127"]
[EventDate "2012.01.15"]
[PlyCount "66"]

1.e4 c5 2.Nf3 e6 3.d3 Nc6 4.g3 g6 5.Bg5 Qb6 6.Nbd2 d5 7.Bg2 Bg7 8.O-O Nge7
9.Re1 Qxb2 10.Rb1 Qxa2 11.Rb3 Qa6 12.exd5 exd5 13.c4 Be6 14.cxd5 Bxd5 15.
Nc4 Bxc4 16.dxc4 f6 17.Bf4 O-O 18.Qb1 b6 19.h4 Rad8 20.h5 Qc8 21.hxg6 hxg6
22.Nh2 Nf5 23.Bd5+ Rxd5 24.cxd5 Ncd4 25.Ra3 Qd7 26.g4 Nh4 27.d6 Nhf3+ 28.
Kh1 Nxe1 29.Qa2+ Rf7 30.Re3 Qc6+ 31.f3 Nexf3 32.Nxf3 Nxf3 33.Qg2 Nd4 0-1

[Event "119th NZL-ch op"]
[Site "Queenstown NZL"]
[Date "2012.01.19"]
[Round "5"]
[White "Machdoem, Andhika"]
[Black "Jackson, L. Ross"]
[Result "1-0"]
[WhiteElo "2129"]
[BlackElo "1947"]
[EventDate "2012.01.15"]
[PlyCount "107"]

1.d4 d5 2.Nf3 Nf6 3.c4 e6 4.Nc3 c6 5.e3 a6 6.a4 Nbd7 7.Bd3 dxc4 8.Bxc4 c5 
9.O-O Nb6 10.Bd3 cxd4 11.exd4 Nbd5 12.Bg5 Be7 13.Rc1 O-O 14.Ne5 Bd7 15.Qb3
Nxc3 16.bxc3 Rb8 17.Bf4 Rc8 18.Qxb7 Bxa4 19.Qxa6 Ra8 20.Qb7 Nd5 21.Bd2 Qd6
22.Nc4 Qd8 23.Qb1 Rb8 24.Bxh7+ Kh8 25.Qd3 Nf6 26.Be4 Nxe4 27.Qxe4 Bb5 28.
Ne5 Bxf1 29.Nc6 Bxg2 30.Qxg2 Qc7 31.Nxb8 Rxb8 32.c4 Bf6 33.Qe4 Qd7 34.Rc3 
Qxd4 35.Rh3+ Kg8 36.Qh7+ Kf8 37.Qh8+ Ke7 38.Qxb8 Qxd2 39.Qc7+ Qd7 40.Qc5+ 
Qd6 41.Rh5 e5 42.Qxd6+ Kxd6 43.Rh8 Kd7 44.Kg2 Be7 45.Rh5 Bf6 46.Kf3 Kc6 
47.Ke4 Kc5 48.Rh8 Kxc4 49.Rc8+ Kb5 50.Rf8 Kc5 51.Rxf7 Kd6 52.Kf5 Bh4 53.f3
g5 54.Rg7 1-0

[Event "119th NZL-ch op"]
[Site "Queenstown NZL"]
[Date "2012.01.19"]
[Round "5"]
[White "Millikan, Erlend"]
[Black "Burns, Christopher John"]
[Result "1-0"]
[WhiteElo "1760"]
[BlackElo "2022"]
[EventDate "2012.01.15"]
[PlyCount "61"]

1.d4 d5 2.e3 Nf6 3.Bd3 g6 4.Nd2 Bg7 5.Ngf3 O-O 6.b3 Nc6 7.Ba3 Re8 8.O-O e5
9.dxe5 Ng4 10.Rc1 Ncxe5 11.Be2 c6 12.h3 Nxf3+ 13.Nxf3 Nh6 14.c4 Qa5 15.Bd6
Qxa2 16.cxd5 Nf5 17.Bc7 cxd5 18.Bb5 Rf8 19.Qxd5 Be6 20.Qxb7 Bxb3 21.e4 Nd4
22.Nxd4 Bxd4 23.Bd6 Rfd8 24.Bc7 Rdc8 25.Bd7 Rf8 26.Bd6 Rfd8 27.Be7 Rdb8 
28.Rc8+ Rxc8 29.Bxc8 Rxc8 30.Qxc8+ Kg7 31.Qf8# 1-0

[Event "119th NZL-ch op"]
[Site "Queenstown NZL"]
[Date "2012.01.19"]
[Round "5"]
[White "Pinic, Noel"]
[Black "Cheng, Bobby"]
[Result "0-1"]
[WhiteElo "2066"]
[BlackElo "2375"]
[EventDate "2012.01.15"]
[PlyCount "112"]

1.e4 c6 2.d4 d5 3.Nc3 dxe4 4.Nxe4 Bf5 5.Ng3 Bg6 6.Nf3 Nd7 7.Bc4 e6 8.O-O 
Ngf6 9.Bg5 Be7 10.Re1 O-O 11.Nh4 c5 12.Nxg6 hxg6 13.dxc5 Qc7 14.b4 b6 15.
Bb5 bxc5 16.Bxd7 Rad8 17.Qf3 Rxd7 18.b5 c4 19.a4 Rfd8 20.h4 Nd5 21.Ne4 f6 
22.Be3 e5 23.h5 f5 24.Ng5 e4 25.Qh3 Qd6 26.Rad1 Qf6 27.Bc1 e3 28.Bxe3 Bb4 
29.hxg6 Qxg6 30.Rf1 f4 31.Rxd5 Rxd5 32.Bxf4 Bd2 33.Ne6 Rh5 34.Qf3 Qxe6 35.
Bxd2 Rf5 36.Qc3 Qe2 37.Be3 Rh5 38.f3 Rh1+ 39.Kxh1 Qxf1+ 40.Kh2 Rd5 41.Kg3 
Qe2 42.Bf4 Kh7 43.Qe3 Qxc2 44.Qxa7 c3 45.Qf7 Rf5 46.Qc4 Rf6 47.Be3 Rg6+ 
48.Kf4 Qxg2 49.Qxc3 Rf6+ 50.Ke5 Qxf3 51.Kd4 Qg4+ 52.Kd3 Qd1+ 53.Kc4 Qxa4+ 
54.Qb4 Qa2+ 55.Qb3 Qxb3+ 56.Kxb3 Rf3 0-1

[Event "119th NZL-ch op"]
[Site "Queenstown NZL"]
[Date "2012.01.19"]
[Round "5"]
[White "Pyke, Malcolm"]
[Black "Gao, Hans"]
[Result "1/2-1/2"]
[WhiteElo "2132"]
[BlackElo "1924"]
[EventDate "2012.01.15"]
[PlyCount "34"]

1.c4 Nf6 2.Nf3 g6 3.b3 Bg7 4.Bb2 d6 5.g3 O-O 6.Bg2 Nc6 7.O-O a6 8.d4 Rb8 
9.d5 Na5 10.Nd4 Bd7 11.Na3 c5 12.dxc6 Nxc6 13.Nac2 Qc8 14.Rc1 Bh3 15.Ne3 
Bxg2 16.Kxg2 Qd7 17.Nd5 Nxd5 1/2-1/2

[Event "119th NZL-ch op"]
[Site "Queenstown NZL"]
[Date "2012.01.19"]
[Round "5"]
[White "Reilly, Tim"]
[Black "Milligan, Helen"]
[Result "1-0"]
[WhiteElo "2266"]
[BlackElo "1979"]
[EventDate "2012.01.15"]
[PlyCount "107"]

1.d4 Nf6 2.c4 g6 3.Nc3 Bg7 4.e4 d6 5.f3 O-O 6.Be3 e5 7.d5 Nh5 8.Qd2 f5 9.
O-O-O Nd7 10.Bd3 Nc5 11.Bc2 a5 12.Nge2 f4 13.Bf2 Bf6 14.Rhf1 Ng7 15.Kb1 
Bd7 16.Nc1 Qe8 17.Nd3 b6 18.Rc1 Be7 19.Qd1 h6 20.b3 Kh7 21.Kb2 a4 22.b4 
a3+ 23.Ka1 Na4 24.Nxa4 Bxa4 25.Bxa4 Qxa4 26.Qxa4 Rxa4 27.Rc3 Rfa8 28.Rb1 
Ne8 29.Rbb3 Nf6 30.Ne1 g5 31.Nc2 g4 32.Rxa3 g3 33.hxg3 fxg3 34.Be1 Nh5 35.
Kb2 Bg5 36.Rxa4 Rxa4 37.Ra3 Rxa3 38.Kxa3 Bc1+ 39.Ka4 Nf4 40.Bxg3 Nxg2 41.
Kb5 h5 42.Ne1 Bf4 43.Nxg2 Bxg3 44.Kc6 h4 45.Nxh4 Bxh4 46.Kxc7 Be1 47.a3 
Kg7 48.Kxb6 Kf7 49.Kc7 Ke7 50.c5 dxc5 51.d6+ Ke6 52.bxc5 Ba5+ 53.Kc8 Kf7 
54.Kd7 1-0